Americanah / (Record no. 120433)
[ view plain ]
| 000 -LEADER | |
|---|---|
| fixed length control field | 01012cam a22003255i 4500 |
| 001 - CONTROL NUMBER | |
| control field | 18099600 |
| 003 - CONTROL NUMBER IDENTIFIER | |
| control field | ARRUPE |
| 005 - DATE AND TIME OF LATEST TRANSACTION | |
| control field | 20141217020006.0 |
| 008 - FIXED-LENGTH DATA ELEMENTS--GENERAL INFORMATION | |
| fixed length control field | 140402s2014 nyu 000 1 eng |
| 010 ## - LIBRARY OF CONGRESS CONTROL NUMBER | |
| LC control number | 2013362345 |
| 020 ## - INTERNATIONAL STANDARD BOOK NUMBER | |
| International Standard Book Number | 9780307455925 (pbk.) |
| 020 ## - INTERNATIONAL STANDARD BOOK NUMBER | |
| Cancelled/invalid ISBN | 9780307962126 (ebook) |
| 040 ## - CATALOGING SOURCE | |
| Original cataloging agency | DLC |
| Language of cataloging | eng |
| Description conventions | rda |
| Transcribing agency | DLC |
| 042 ## - AUTHENTICATION CODE | |
| Authentication code | pcc |
| 043 ## - GEOGRAPHIC AREA CODE | |
| Geographic area code | f-nr--- |
| -- | n-us--- |
| -- | e-uk-en |
| 050 00 - LIBRARY OF CONGRESS CALL NUMBER | |
| Classification number | PR9387.9.A34354 |
| Item number | A44 2014 |
| 082 00 - DEWEY DECIMAL CLASSIFICATION NUMBER | |
| Classification number | 823/.92 |
| Edition number | 23 |
| 300 ## - PHYSICAL DESCRIPTION | |
| Dimensions | 21 cm |
| 100 1# - MAIN ENTRY--PERSONAL NAME | |
| Personal name | Adichie, Chimamanda Ngozi, |
| Dates associated with a name | 1977- |
| 9 (RLIN) | 9957 |
| 245 10 - TITLE STATEMENT | |
| Title | Americanah / |
| Statement of responsibility, etc | Chimamanda Ngozi Adichie. |
| 250 ## - EDITION STATEMENT | |
| Edition statement | First Anchor Books edition. |
| 300 ## - PHYSICAL DESCRIPTION | |
| Extent | 588 pages ; |
| 650 #0 - SUBJECT ADDED ENTRY--TOPICAL TERM | |
| Topical term or geographic name as entry element | Immigrants |
| Form subdivision | Fiction. |
| 9 (RLIN) | 9958 |
| 650 #0 - SUBJECT ADDED ENTRY--TOPICAL TERM | |
| Topical term or geographic name as entry element | Refugees |
| Form subdivision | Fiction |
| 9 (RLIN) | 9959 |
| 650 #0 - SUBJECT ADDED ENTRY--TOPICAL TERM | |
| Topical term or geographic name as entry element | Nigerians |
| Geographic subdivision | United States |
| Form subdivision | Fiction. |
| 9 (RLIN) | 9960 |
| 650 #0 - SUBJECT ADDED ENTRY--TOPICAL TERM | |
| Topical term or geographic name as entry element | Nigerians |
| Geographic subdivision | England |
| Form subdivision | Fiction. |
| 9 (RLIN) | 9961 |
| 651 #0 - SUBJECT ADDED ENTRY--GEOGRAPHIC NAME | |
| Geographic name | Nigeria |
| Form subdivision | Fiction. |
| 9 (RLIN) | 9962 |
| 906 ## - LOCAL DATA ELEMENT F, LDF (RLIN) | |
| a | 0 |
| b | ibc |
| c | orignew |
| d | 2 |
| e | ncip |
| f | 20 |
| g | y-gencatlg |
| 942 ## - ADDED ENTRY ELEMENTS (KOHA) | |
| Source of classification or shelving scheme | Library of Congress Classification |
| Koha item type | Monograph ( Printed materials) |
| Koha issues (borrowed), all copies | 5 |
| Withdrawn status | Lost status | Source of classification or shelving scheme | Damaged status | Not for loan | Collection code | Home library | Current library | Shelving location | Date acquired | Total Checkouts | Full call number | Barcode | Checked out | Date last seen | Date checked out | Price effective from | Koha item type | Copy number |
|---|---|---|---|---|---|---|---|---|---|---|---|---|---|---|---|---|---|---|
| Library of Congress Classification | Main Collection | ARRUPE LIBRARY | ARRUPE LIBRARY | Main Collection | 23/04/2014 | 19 | PR9387.9.A34 A6 2014 | 46500001647 | 13/01/2024 | 14/12/2023 | 14/12/2023 | 23/04/2014 | Monograph ( Printed materials) | |||||
| Library of Congress Classification | ARRUPE LIBRARY | ARRUPE LIBRARY | 31/07/2019 | 9 | PR9387.9.A34354 A44 2014 | 46600004917 | 18/12/2025 | 15/01/2025 | 31/07/2019 | Monograph ( Printed materials) | c.2 | |||||||
| Library of Congress Classification | ARRUPE LIBRARY | ARRUPE LIBRARY | 31/07/2019 | 5 | PR9387.9.A34354 A44 2014 | 46600004918 | 25/11/2024 | 02/08/2024 | 31/07/2019 | Monograph ( Printed materials) | c.2 |